Kesha - Joyride Lyrics - Statistics

General Stats
  • This quiz has been taken 48 times
  • The average score is 234 of 292
Answer Stats
Hint Answer % Correct
for
100%
I
100%
I'm
100%
Outro Joy
100%
joyride
100%
Post-chorus | Pre-chorus Joyride
100%
you
97%
You
97%
a
94%
A
94%
good
94%
just
94%
looking
94%
time
94%
it
91%
to
91%
bitch
88%
make
88%
the
88%
tonight
88%
be-be
84%
but
84%
engine
84%
in
84%
Verse 1 Are
81%
Get
81%
Keep
81%
loser
81%
purr
81%
til
81%
Beep
78%
beep
78%
Cause
78%
cause
78%
come
78%
do
78%
shit
78%
already
75%
am
75%
Don't
75%
don't
75%
first
75%
man
75%
me
75%
mother
75%
rich
75%
This
75%
this
75%
want
75%
even
72%
gi-give
72%
give
72%
like
72%
my
72%
outside
72%
that
72%
try
72%
Well
72%
your
72%
I've
69%
kids
69%
Chorus Rev
69%
right
69%
bout
66%
earned
66%
kinky
66%
mm
66%
party
66%
so
66%
sucks
66%
Baby
63%
love
63%
night
63%
no
63%
on
63%
say
63%
bored
59%
clothes
59%
didn't
59%
ditch
59%
eyes
59%
funny
59%
hurt
59%
of
59%
road
59%
That's
59%
wearing
59%
whore
59%
from
56%
label
56%
life
56%
Oh
56%
best
53%
Fell
53%
heaven
53%
turn
53%
ever
50%
every
50%
Making
50%
motherfucker
50%
No matching quizzes found
Score Distribution
Percent of People with Each Score
Percentile by Number Answered
Your Score History
You have not taken this quiz